| 000 | 01013cam a22001935a 4500 | ||
|---|---|---|---|
| 001 | L155782 | ||
| 008 | 120416s1787 xxk f 000 0 eng d | ||
| 035 | _a(Sirsi) u155782 | ||
| 041 | 0 | _aeng | |
| 110 | 2 |
_aGreat Britain _bCommissioners of His Majesty's Woods, Forests and Land Revenues _96038 |
|
| 245 | 0 | 3 | _aAn account of all the manors, messuages, lands, tenements, and hereditaments, in the different counties of England and Wales, held by lease from the Crown. As contained in the report of the Commissioners appointed to enquire, into the state and condition of the royal forests, woods, and land revenues; ... To which is added, an appendix, ... |
| 260 |
_aLondon _bprinted by Stafford and Davenport, for S. Hooper; and Messrs. Robinsons _c1787 |
||
| 300 |
_a[4], 76, [14] p. _cobl.2o |
||
| 583 | 0 |
_aCondition reviewed _c20120620 _lcondition level 4 |
|
| 583 |
_aSent for conservation _c20130129 _kElizabeth Neville |
||
| 651 | 4 |
_aGreat Britain _y1707- |
|
| 690 |
_aLandlord and tenant _96252 |
||
| 942 | _n0 | ||
| 999 |
_c113819 _d113819 |
||